01693nam a22002057a 450000500170000000800410001702000180005804000070007604100120008308200170009510000170011224500810012925000070021026000440021730000260026136500530028752011170034065000150145770000150147220250722153228.0250722b |||||||| |||| 00| 0 eng d a9789383866489 cAL aEnglish a657.46bMEHI aH C Mehrotra aIncome tax including tax planning and managementb : assessment year 2025-26 a46 aAgrabSahitya Bhawan Publicationsc2025 a843 p.bPBc26x20 cm. a2031b₹640.00c₹d₹800.00e20%f22-07-2025 aStay ahead of the curve with the 46th edition of this comprehensive guide to Income Tax, including Tax Planning & Management for the Assessment Year 2025-26. Authored by renowned experts Dr. H.C. Mehrotra and Dr. S.P. Goyal, this authoritative publication from Sahitya Bhawan Publications offers in-depth coverage of income tax regulations, planning strategies, and management techniques. The book serves as an invaluable resource for students, professionals, and practitioners seeking to understand the latest developments in Indian taxation. This edition has been meticulously updated to reflect the most recent amendments and changes in tax laws, making it an essential reference for accurate tax planning and compliance. The systematic presentation and detailed analysis make complex tax concepts easily understandable, while practical examples and case studies help readers apply theoretical knowledge to real-world scenarios. Whether you're preparing for professional examinations or managing tax affairs, this book provides the comprehensive knowledge needed to navigate India's tax landscape effectively. aincome tax aGoyal, S P